[Event "BAN-ch U20"]
[Site "Dhaka"]
[Date "2018.05.10"]
[Round "6"]
[White "Md Sajidul, Haque"]
[Black "Amit Bikram, Roy"]
[Result "1-0"]
[WhiteElo "1438"]
[BlackElo "1677"]
[PlyCount "71"]
[EventDate "2018.05.05"]
[EventType "swiss"]
[EventRounds "8"]
[EventCountry "BAN"]
[SourceTitle "CBM 184 Extra"]
[Source "ChessBase"]
[SourceDate "2018.06.28"]
[SourceVersion "1"]
[SourceVersionDate "2018.06.28"]
[SourceQuality "1"]

1. e4 c5 2. Nf3 d6 3. d4 cxd4 4. Nxd4 Nf6 5. Nc3 a6 6. Be3 e5 7. Nf3 Be6 8. Qd2 Be7 9. Be2 0-0 10. 0-0 Nc6 11. Bg5 Qc7 12. Rad1 Rad8 13. Qc1 b5 14. a3 Na5 15. Bxf6 Bxf6 16. Nd5 Bxd5 17. Rxd5 Rd7 18. Rfd1 Rc8 19. Ne1 Nb3 20. Qe3 Nd4 21. Bg4 Ne6 22. Bxe6 fxe6 23. R5d3 Kf7 24. Qd2 Ke7 25. Rc3 Qb7 26. Rxc8 Qxc8 27. Qb4 Qc4 28. Rd3 Qxb4 29. axb4 d5 30. f3 Bg5 31. Ra3 Rd6 32. Nd3 dxe4 33. fxe4 Kf6 34. Kf2 Ke7 35. Nxe5 Bc1 36. Nd3 1-0

[Event "BAN-ch U20"]
[Site "Dhaka"]
[Date "2018.05.05"]
[Round "1"]
[White "Mehedi, Hasan1111"]
[Black "Amit Bikram, Roy"]
[Result "1-0"]
[WhiteElo "1375"]
[BlackElo "1677"]
[PlyCount "125"]
[EventDate "2018.05.05"]
[EventType "swiss"]
[EventRounds "8"]
[EventCountry "BAN"]
[SourceTitle "CBM 184 Extra"]
[Source "ChessBase"]
[SourceDate "2018.06.28"]
[SourceVersion "1"]
[SourceVersionDate "2018.06.28"]
[SourceQuality "1"]

1. e4 c5 2. Nf3 e6 3. Nc3 Nc6 4. a3 g6 5. d3 Bg7 6. Bd2 a6 7. h3 Nge7 8. Be2 0-0 9. Qc1 Re8 10. 0-0 d5 11. exd5 exd5 12. Re1 Nf5 13. Rb1 Ncd4 14. Nxd4 Nxd4 15. b4 cxb4 16. axb4 b5 17. Qd1 Be6 18. Bg4 f5 19. Bf3 Kf7 20. Na2 Rc8 21. c3 Nxf3+ 22. Qxf3 d4 23. c4 bxc4 24. dxc4 Rxc4 25. Nc1 Bd5 26. Rxe8 Kxe8 27. Qe2+ Qe7 28. Qxe7+ Kxe7 29. Nd3 Be4 30. Re1 Kd6 31. Nc5 Kd5 32. Nxa6 Rc2 33. Rd1 Bd3 34. b5 Rb2 35. Nb4+ Kc4 36. Nxd3 Kxd3 37. Bc1+ Ke2 38. Bxb2 Kxd1 39. b6 Kc2 40. b7 Be5 41. Bxd4 Bb8 42. g3 Kd3 43. Be3 Ke4 44. Bf4 Ba7 45. b8Q Bxb8 46. Bxb8 Kf3 47. Bf4 Ke2 48. Kg2 h5 49. h4 Kd3 50. Kf3 Kd4 51. Bc7 Kd5 52. Kf4 Ke6 53. Kg5 Kf7 54. Be5 Ke6 55. Bc3 Kf7 56. Bf6 Kg8 57. Kxg6 f4 58. gxf4 Kf8 59. f5 Kg8 60. Bd4 Kf8 61. f6 Kg8 62. f7+ Kf8 63. Bc5# 1-0

[Event "Asia-chT Cup U14"]
[Site "Jiaxing"]
[Date "2016.11.11"]
[Round "9.30"]
[White "Ong, Yi Herng Joel"]
[Black "Amit Bikram, Roy"]
[Result "1-0"]
[WhiteElo "1783"]
[BlackElo "1677"]
[PlyCount "57"]
[EventDate "2016.11.06"]
[EventType "swiss"]
[EventRounds "9"]
[EventCountry "CHN"]
[SourceTitle "EXT 2021"]
[Source "ChessBase"]
[SourceDate "2020.10.23"]
[SourceVersion "1"]
[SourceVersionDate "2020.10.23"]
[SourceQuality "1"]

1. d4 Nf6 2. c4 e6 3. Nf3 d5 4. Nc3 Bb4 5. Bg5 0-0 6. e3 c6 7. Bd3 dxc4 8. Bxc4 Nbd7 9. 0-0 Bxc3 10. bxc3 b5 11. Bd3 h6 12. Bh4 Re8 13. Ne5 Nxe5 14. dxe5 g5 15. exf6 Qxf6 16. Bg3 Bb7 17. Qc2 h5 18. f4 g4 19. e4 h4 20. Be1 Qh6 21. Bd2 Bc8 22. Rae1 g3 23. h3 Qh5 24. e5 f6 25. exf6 Kf7 26. Be3 a6 27. Bd4 Bd7 28. Re5 Qh6 29. Be2 1-0